Možnosti zníženia mzdy zamestnanca
Možnosti zníženia mzdy zamestnancov najmä v súvislosti so vznikom situácie, kedy sa pre zamestnávateľa výška mzdových nákladov stane faktorom, ktorý ovplyvňuje ekonomickú situáciu firmy. Možnosti vyplývajúce zo zákona o mzde. Mzda dojednaná v idividuálnej zmluve. Mzda dojednaná v kolektívnej zmluve....
Na minha lista:
| Autor principal: | |
|---|---|
| Formato: | Capítulo de Livro |
| Idioma: | eslovaco |
| Assuntos: | |
| Tags: |
Sem tags, seja o primeiro a adicionar uma tag!
|
MARC
| LEADER | 00000naa a2200000 4500 | ||
|---|---|---|---|
| 001 | r030500 | ||
| 005 | 20230919080833.9 | ||
| 041 | 0 | |a slo | |
| 044 | |a SK | ||
| 245 | 1 | 0 | |a Možnosti zníženia mzdy zamestnanca |c Miroslav Mačuha |
| 520 | |a Možnosti zníženia mzdy zamestnancov najmä v súvislosti so vznikom situácie, kedy sa pre zamestnávateľa výška mzdových nákladov stane faktorom, ktorý ovplyvňuje ekonomickú situáciu firmy. Možnosti vyplývajúce zo zákona o mzde. Mzda dojednaná v idividuálnej zmluve. Mzda dojednaná v kolektívnej zmluve. Mzda určená iným spôsobom. Dopad niektorých ustanovení Zákonníka práce. Možnosti riešenia daných problémov v intenciách zákona. | ||
| 610 | 2 | 0 | |a mzdy |
| 610 | 2 | 0 | |a mzdy zaručené |
| 610 | 2 | 0 | |a mzdy zmluvné |
| 610 | 2 | 0 | |a zamestnanci |
| 610 | 2 | 0 | |a zamestnávatelia |
| 610 | 2 | 0 | |a zákonník práce |
| 610 | 2 | 0 | |a zákony |
| 610 | 2 | 0 | |a zmluvy kolektívne |
| 610 | 2 | 0 | |a vyjednávanie kolektívne |
| 100 | 1 | |a Mačuha, Miroslav | |